000 02128cam a22004574i 4500
003 PE-LiUPU
005 20250731172719.0
008 150617s r 000 0 d
020 _a8471514532
035 _a(Sirsi) i9788471514530
040 _aPE-LiUPU
_bspa
_cPE-LiUPU
_erda
049 _aPRUA
082 0 4 _a220.6
_bS79
_221
100 1 _aStern, Robert L.,
_eautor.
245 1 0 _aCursos Bíblicos /
_cRobert L. Stern.
264 1 _aEstella (Navarra) :
_bVerbo Divino,
_c1986.
300 _a230 páginas ;
_c24 centímetros.
336 _atext
_2rdacontent
337 _aunmediated
_2rdamedia
338 _avolume
_2rdacarrier
505 0 _aLos libros y los idiomas de la Biblia -- El origen y los autores de la Biblia -- Métodos de estudiar la Biblia -- Las tierras y los pueblos de la Biblia -- La veracidad de la Biblia y los libros de Moisés -- Las tradiciones sobre Abraham, Isaac y Jacob -- El Dios de los padres -- La revelación de Dios a Moisés y el éxodo de Egipto -- La alianza con Dios en el monte Sinaí -- El paso del desierto y la entrada en la tierra prometida -- Las doce tribus en el tiempo de los jueces -- El reino de Saúl y de David -- El arca y el templo de Salomón -- El Yavista y los mitos de los principios -- Salomón y la divición del reino -- Profecía y los primeros profetas -- Amós, Oseas y el fin del reino de Israel -- Miqueas, Isaías y el reino de Judá.
526 _aSEG42
526 _aSEG41
526 _aSEG40
526 _aSEG39
526 _aP94
526 _aP87
526 _aP86
526 _aP85
526 _aP77
526 _aP76
526 _aP35
630 _aBIBLIA
_xEnseñanza.
910 _ajck
_bjvq
_cjck
_d20150616
942 _2ddc
_cBOOK
949 _a220.6 S79
_wDEWEY
_c1
_i28500
_lCCODEBUL1
_mBUL
_r0
_sY
_tBOOK
_u2015-4-21
_xTEOLOGIA
_PP35
_0COMPRA
_o.STAFF. Colección General
994 _aC0
_bPEPRU
596 _a1
999 _a220.6 S79
_wDEWEY
_c1082
_i28500
_d1082
_f2021-11-11
_g5
_lCCODEBUL1
_mBUL
_q1
_r0
_sY
_tBOOK
_u2015-4-21
_xTEOLOGIA
_PP35
_0COMPRA
_o.STAFF. Colección General
980 _81
_gALBERTO SANCHEZ Responsable de Automatización